[Event "XXXIV Torneo B di Capodanno"]
[Site "Reggio nell'Emilia ITA"]
[Date "1991.12.27"]
[Round "1"]
[White "Borgo, Giulio"]
[Black "Manca, Federico"]
[Result "1/2-1/2"]
[WhiteElo "2340"]
[BlackElo "2410"]
[PlyCount "80"]
[EventDate "1991.12.27"]

1. e4 d6 2. d4 Nf6 3. Nc3 g6 4. h3 Bg7 5. Be3 O-O 6. Nf3 c6 7. a4 d5 8. exd5
cxd5 9. Be2 Nc6 10. O-O Bf5 11. Ne5 Rc8 12. Nxc6 Rxc6 13. Bd3 Bxd3 14. Qxd3 Qb6
15. Ra3 Rfc8 16. Rb3 Qc7 17. Ne2 Rc4 18. c3 Qd7 19. Ra1 Ne4 20. a5 a6 21. Bf4
e5 22. Be3 exd4 23. Bxd4 Bxd4 24. cxd4 Rc2 25. Rd1 Qc7 26. f3 Ng5 27. Rd2 Rc4
28. Qe3 Ne6 29. Nc3 Ng7 30. Qe5 Qxa5 31. Rxb7 Re8 32. Qf6 Rc7 33. Qb6 Qa1+ 34.
Rd1 Rxb7 35. Qxb7 Re1+ 36. Rxe1 Qxe1+ 37. Kh2 Nf5 38. Qa8+ Kg7 39. Qxd5 Qg3+
40. Kg1 Qe1+ 1/2-1/2

[Event "XXXIV Torneo B di Capodanno"]
[Site "Reggio nell'Emilia ITA"]
[Date "1991.12.27"]
[Round "1"]
[White "Bukal, Vladimir sr"]
[Black "Landenbergue, Claude"]
[Result "1-0"]
[WhiteElo "2405"]
[BlackElo "2415"]
[PlyCount "61"]
[EventDate "1991.12.27"]

1. c4 Nf6 2. g3 g6 3. Bg2 Bg7 4. Nc3 O-O 5. d4 d6 6. Nf3 Nbd7 7. O-O e5 8. e4
exd4 9. Nxd4 Re8 10. Re1 Ng4 11. h3 Nge5 12. b3 Nc5 13. Be3 c6 14. Qc2 a5 15.
Rad1 Qe7 16. Re2 h5 17. Red2 h4 18. g4 a4 19. Nde2 axb3 20. axb3 Bxg4 21. hxg4
h3 22. Bxh3 Qh4 23. Kg2 Nxg4 24. Bxg4 Qxg4+ 25. Ng3 Be5 26. Nce2 Ne6 27. Rf1
Kg7 28. f3 Qh4 29. f4 Bf6 30. Rxd6 Rh8 31. Kf3 1-0

[Event "XXXIV Torneo B di Capodanno"]
[Site "Reggio nell'Emilia ITA"]
[Date "1991.12.27"]
[Round "1"]
[White "Cebalo, Miso"]
[Black "Arlandi, Ennio"]
[Result "1/2-1/2"]
[WhiteElo "2525"]
[BlackElo "2420"]
[PlyCount "102"]
[EventDate "1991.12.27"]

1. d4 d5 2. Nf3 e6 3. Bg5 Be7 4. Bxe7 Qxe7 5. c4 Nf6 6. e3 O-O 7. Nc3 b6 8.
cxd5 exd5 9. Be2 Rd8 10. Ne5 c5 11. O-O Bb7 12. Rc1 Nc6 13. Nxc6 Bxc6 14. b3
Rac8 15. Ba6 Rc7 16. Qd3 Bb7 17. Bxb7 Rxb7 18. dxc5 bxc5 19. Rfd1 g6 20. h3
Rbd7 21. Na4 Ne4 22. Re1 Qh4 23. Re2 c4 24. Qd4 cxb3 25. axb3 Qf6 26. Qxf6 Nxf6
27. Rc6 Rd6 28. Rec2 Kg7 29. Rxd6 Rxd6 30. f3 Rd7 31. Nc5 Re7 32. Kf2 Nd7 33.
Nd3 Nb6 34. Rc6 h5 35. h4 Rb7 36. Nc5 Rb8 37. Ke2 Rc8 38. Rxc8 Nxc8 39. Kd3 Nd6
40. g4 Nb5 41. Nd7 g5 42. hxg5 hxg4 43. f4 g3 44. Ke2 d4 45. Ne5 dxe3 46. Kxe3
f6 47. Nf3 fxg5 48. fxg5 Kg6 49. Kf4 g2 50. Nh4+ Kg7 51. Nxg2 Nd4 1/2-1/2

[Event "XXXIV Torneo B di Capodanno"]
[Site "Reggio nell'Emilia ITA"]
[Date "1991.12.27"]
[Round "1"]
[White "Mantovani, Renzo"]
[Black "Kapengut, Albert Z."]
[Result "1/2-1/2"]
[WhiteElo "2370"]
[BlackElo "2450"]
[PlyCount "94"]
[EventDate "1991.12.27"]

1. e4 e6 2. d4 d5 3. Nc3 Be7 4. Nf3 Nf6 5. Bd3 O-O 6. O-O b6 7. Qe2 Nc6 8. a3
Bb7 9. e5 Ne8 10. Bd2 a5 11. Rad1 Nb8 12. Na2 Ba6 13. c4 Bxc4 14. Bxc4 dxc4 15.
Qxc4 c6 16. Nc3 Nc7 17. Rc1 h6 18. Rfd1 Qd7 19. Qb3 Ra6 20. Na4 Nd5 21. Rc2 Rd8
22. Rdc1 Ra7 23. Nc3 Nxc3 24. Rxc3 a4 25. Qa2 Qd5 26. Qxd5 Rxd5 27. Kf1 Rad7
28. Be3 f5 29. exf6 gxf6 30. Bxh6 c5 31. dxc5 Bxc5 32. Rc4 Kh7 33. Be3 Bxe3 34.
fxe3 b5 35. Rh4+ Kg6 36. Rc8 Na6 37. Rc6 R5d6 38. Rxd6 Rxd6 39. Nd4 Rb6 40. Ke2
Nc5 41. Nc2 e5 42. Rb4 Nb3 43. h3 Rd6 44. Ke1 Rc6 45. Kd1 Rd6+ 46. Ke1 Rc6 47.
Kd1 Rd6+ 1/2-1/2

[Event "XXXIV Torneo B di Capodanno"]
[Site "Reggio nell'Emilia ITA"]
[Date "1991.12.28"]
[Round "2"]
[White "Kapengut, Albert Z."]
[Black "Godena, Michele"]
[Result "1-0"]
[WhiteElo "2450"]
[BlackElo "2415"]
[PlyCount "95"]
[EventDate "1991.12.27"]

1. e4 e5 2. Nf3 Nc6 3. Bb5 Nf6 4. O-O Bc5 5. Nxe5 Nxe5 6. d4 a6 7. Be2 Be7 8.
dxe5 Nxe4 9. Be3 c6 10. c4 O-O 11. Qc2 f5 12. c5 b6 13. cxb6 Rb8 14. Nc3 Nxc3
15. Qxc3 f4 16. Bd4 c5 17. Bxc5 Bxc5 18. Qxc5 Rxb6 19. Rfd1 h6 20. e6 Rxe6 21.
Bc4 Qf6 22. f3 Kh7 23. Bxe6 dxe6 24. Rd2 Bb7 25. Re1 Bd5 26. b3 Qh4 27. Re5 Qf6
28. Rde2 Rd8 29. Qc3 Kg8 30. Rd2 Qh4 31. Ree2 Rf8 32. Rc2 Rf5 33. Qe1 Qf6 34.
Rc8+ Kh7 35. Qc3 Qh4 36. Qd3 Qf6 37. Rec2 Qg6 38. R2c7 Qf6 39. Ra7 Qa1+ 40. Kf2
h5 41. Rxa6 Qh1 42. Rc7 Qxh2 43. Raa7 Qg3+ 44. Kf1 h4 45. Rxg7+ Qxg7 46. Rxg7+
Kxg7 47. a4 Bc6 48. Qc3+ 1-0

[Event "XXXIV Torneo B di Capodanno"]
[Site "Reggio nell'Emilia ITA"]
[Date "1991.12.28"]
[Round "2"]
[White "Manca, Federico"]
[Black "Cebalo, Miso"]
[Result "1-0"]
[WhiteElo "2410"]
[BlackElo "2525"]
[PlyCount "103"]
[EventDate "1991.12.27"]

1. e4 c5 2. c3 d6 3. d4 Nf6 4. Bd3 cxd4 5. cxd4 g6 6. Nf3 Bg7 7. Nc3 Bg4 8.
Qa4+ Nfd7 9. Ng5 Nc6 10. h3 Be6 11. Nxe6 fxe6 12. d5 Nc5 13. Qd1 Bxc3+ 14. bxc3
exd5 15. exd5 Qa5 16. Be2 Ne5 17. O-O Qxc3 18. Rb1 O-O 19. Bb2 Qa5 20. Qd4 Qa4
21. Qxa4 Nxa4 22. Bxe5 dxe5 23. Rxb7 Nc3 24. Bg4 h5 25. Be6+ Kg7 26. Re1 a5 27.
Rxe5 Rab8 28. Rxe7+ Kf6 29. Bd7 Rf7 30. R5e6+ Kg7 31. Rxf7+ Kxf7 32. Ra6 Rb1+
33. Kh2 Rb2 34. d6 Ne4 35. Ba4 Nc5 36. d7 Ke7 37. Ra8 Nxd7 38. Ra7 Rd2 39. Kg3
Rd3+ 40. f3 h4+ 41. Kf2 Ke6 42. Bxd7+ Rxd7 43. Rxd7 Kxd7 44. Ke3 Ke6 45. Kf4 a4
46. Kg5 Ke5 47. Kxh4 Kf4 48. a3 Kf5 49. Kg3 Ke5 50. Kf2 Kd4 51. g4 g5 52. f4
1-0

[Event "XXXIV Torneo B di Capodanno"]
[Site "Reggio nell'Emilia ITA"]
[Date "1991.12.29"]
[Round "3"]
[White "Borgo, Giulio"]
[Black "Mantovani, Renzo"]
[Result "1/2-1/2"]
[WhiteElo "2340"]
[BlackElo "2370"]
[PlyCount "151"]
[EventDate "1991.12.27"]

1. e4 c5 2. Nf3 b6 3. d4 cxd4 4. Nxd4 Bb7 5. Bd3 g6 6. f4 Bg7 7. Nf3 d6 8. Qe2
Nd7 9. O-O Rc8 10. Nc3 Nc5 11. Bb5+ Kf8 12. Bd2 a6 13. Bd3 b5 14. Rae1 b4 15.
Nd1 a5 16. Kh1 Nf6 17. e5 Nfe4 18. Be3 Qc7 19. Bd4 d5 20. Bg1 h5 21. Nd4 h4 22.
Be3 e6 23. Kg1 Qe7 24. Nf2 Kg8 25. Nb3 Nxd3 26. cxd3 a4 27. Nd4 Ba6 28. Rc1 Kh7
29. Ng4 Nc5 30. Rcd1 a3 31. bxa3 bxa3 32. Nf3 Qd7 33. Bxc5 Rxc5 34. Nf6+ Bxf6
35. exf6 Qd8 36. Qf2 Rc7 37. Ne5 d4 38. f5 exf5 39. Qxh4+ Kg8 40. Qg3 Rh6 41.
Rxf5 Rc2 42. Ng4 Rh7 43. Re5 Bb7 44. Rde1 Rh5 45. Re8+ Qxe8 46. Rxe8+ Kh7 47.
Qb8 Rxg2+ 48. Kf1 Rf5+ 49. Ke1 Rg1+ 50. Kd2 Rg2+ 51. Re2 Rxe2+ 52. Kxe2 Bf3+
53. Ke1 Bxg4 54. Qa7 Rxf6 55. Qxd4 Re6+ 56. Kf1 Bh3+ 57. Kf2 Bf5 58. Qa7 Rf6
59. Qxa3 Bxd3+ 60. Ke3 Bc4 61. Kd4 Rf4+ 62. Kc5 Be6 63. Qb2 Re4 64. a3 Bf5 65.
Kd6 Re6+ 66. Kc7 Bd3 67. Qf2 Kg8 68. a4 Be2 69. a5 Ba6 70. Qf4 Be2 71. h4 Re7+
72. Kd8 Re6 73. Qg5 Kf8 74. Qc5+ Kg8 75. Qd4 Kh7 76. Qf4 1/2-1/2

[Event "XXXIV Torneo B di Capodanno"]
[Site "Reggio nell'Emilia ITA"]
[Date "1991.12.29"]
[Round "3"]
[White "Bukal, Vladimir sr"]
[Black "Manca, Federico"]
[Result "1-0"]
[WhiteElo "2405"]
[BlackElo "2410"]
[PlyCount "65"]
[EventDate "1991.12.27"]

1. c4 e5 2. Nc3 Nc6 3. g3 f5 4. e3 Nf6 5. Bg2 g6 6. Nge2 Bg7 7. d3 O-O 8. Rb1
d6 9. b4 a6 10. a4 Ne7 11. Qb3 Rb8 12. b5 Be6 13. Ba3 axb5 14. axb5 g5 15. d4
f4 16. dxe5 dxe5 17. exf4 exf4 18. O-O fxg3 19. hxg3 Rf7 20. Rbd1 Qc8 21. Nd4
Bg4 22. f3 Bh5 23. Rfe1 Nf5 24. Ne6 Rd7 25. g4 Nxg4 26. fxg4 Bxg4 27. Rxd7 Qxd7
28. Bd5 Kh8 29. Nxg7 Nd4 30. Qb2 Qxg7 31. Qf2 Nf5 32. Bb2 Qg6 33. Re6 1-0

[Event "XXXIV Torneo B di Capodanno"]
[Site "Reggio nell'Emilia ITA"]
[Date "1991.12.29"]
[Round "3"]
[White "Cebalo, Miso"]
[Black "Portisch, Lajos"]
[Result "1/2-1/2"]
[WhiteElo "2525"]
[BlackElo "2570"]
[PlyCount "93"]
[EventDate "1991.12.27"]

1. d4 Nf6 2. Nf3 d5 3. c4 e6 4. Nc3 Be7 5. Bg5 O-O 6. e3 h6 7. Bxf6 Bxf6 8. Rc1
c6 9. Bd3 Nd7 10. cxd5 exd5 11. b4 a6 12. a4 a5 13. b5 Nb6 14. O-O Re8 15. Re1
Bg4 16. h3 Bxf3 17. Qxf3 Be7 18. bxc6 bxc6 19. e4 Ba3 20. Rc2 Bb4 21. Rec1 Ba3
22. Rd1 Bb4 23. exd5 cxd5 24. Ne2 Bd6 25. Rdc1 Re6 26. g3 Rf6 27. Qg4 g6 28.
Bb5 Ba3 29. Rb1 Rb8 30. Nf4 Bd6 31. Nd3 Nxa4 32. Re1 h5 33. Qg5 Rxb5 34. Rce2
Kg7 35. Re8 Qd7 36. Rh8 Kxh8 37. Qxf6+ Kg8 38. Nf4 Bf8 39. Nxg6 fxg6 40. Qxg6+
Qg7 41. Qxh5 Rb6 42. Qxd5+ Qf7 43. Qxa5 Rb2 44. Qg5+ Bg7 45. Qd8+ Bf8 46. Qg5+
Bg7 47. Qd8+ 1/2-1/2

[Event "XXXIV Torneo B di Capodanno"]
[Site "Reggio nell'Emilia ITA"]
[Date "1991.12.29"]
[Round "3"]
[White "Gavrikov, Viktor N."]
[Black "Kapengut, Albert Z."]
[Result "1-0"]
[WhiteElo "2585"]
[BlackElo "2450"]
[PlyCount "109"]
[EventDate "1991.12.27"]

1. d4 Nf6 2. c4 c5 3. d5 e6 4. Nf3 exd5 5. cxd5 g6 6. Nc3 Bg7 7. e4 O-O 8. Be2
d6 9. O-O Re8 10. Nd2 Na6 11. f3 Nc7 12. a4 b6 13. Nc4 Ba6 14. Rb1 Qe7 15. Bg5
h6 16. Be3 Nd7 17. Qd2 Kh7 18. Rfe1 Qf8 19. Kh1 Rac8 20. Bf1 Ne5 21. Nxe5 Bxe5
22. Bxa6 Nxa6 23. Nb5 Nb4 24. Nxa7 Ra8 25. Nc6 Nxc6 26. dxc6 Rxa4 27. b4 Rc8
28. bxc5 bxc5 29. Qd5 Kg7 30. Bxc5 Qe8 31. Bxd6 Bxd6 32. Qxd6 Qxc6 33. Qg3 Ra2
34. h4 Qe6 35. Rbc1 Rd8 36. Red1 Qf6 37. Kh2 Ra5 38. e5 Qe7 39. Rxd8 Qxd8 40.
Rc4 Qd5 41. Re4 Ra6 42. Qf4 Re6 43. Qe3 Qd8 44. Kh3 Qd1 45. Rd4 Qh1+ 46. Kg3
Qa1 47. Rd5 Qb2 48. Kh3 Qa1 49. Kh2 Qb2 50. f4 h5 51. Rd6 Re7 52. Rb6 Qa2 53.
f5 Rc7 54. f6+ Kh7 55. Rb8 1-0

[Event "XXXIV Torneo B di Capodanno"]
[Site "Reggio nell'Emilia ITA"]
[Date "1991.12.29"]
[Round "3"]
[White "Godena, Michele"]
[Black "Landenbergue, Claude"]
[Result "1/2-1/2"]
[WhiteElo "2415"]
[BlackElo "2415"]
[PlyCount "63"]
[EventDate "1991.12.27"]

1. e4 e5 2. Nf3 Nc6 3. Bc4 Nf6 4. d3 Be7 5. Nc3 d6 6. a3 O-O 7. h3 Be6 8. Nd5
Nb8 9. Nxf6+ Bxf6 10. Bxe6 fxe6 11. Be3 d5 12. Qe2 Nd7 13. O-O c6 14. g3 Qe8
15. Nh2 Bd8 16. Rae1 Bc7 17. Kg2 Qf7 18. f4 exf4 19. Bxf4 Bxf4 20. Rxf4 Qg6 21.
Rg4 Qh6 22. Rh4 Qg6 23. Nf3 Rf6 24. Rg4 Qh6 25. Rh4 Qg6 26. Rg4 Qh6 27. exd5
exd5 28. Rh4 Qg6 29. Rg4 Qh6 30. Rh4 Qg6 31. Rg4 Qh6 32. Rh4 1/2-1/2

[Event "XXXIV Torneo B di Capodanno"]
[Site "Reggio nell'Emilia ITA"]
[Date "1991.12.30"]
[Round "4"]
[White "Gavrikov, Viktor N."]
[Black "Borgo, Giulio"]
[Result "1/2-1/2"]
[WhiteElo "2585"]
[BlackElo "2340"]
[PlyCount "41"]
[EventDate "1991.12.27"]

1. c4 c5 2. Nf3 Nf6 3. g3 d5 4. cxd5 Nxd5 5. Bg2 Nc6 6. Nc3 Nc7 7. Qa4 Bd7 8.
Qe4 g6 9. Ne5 Bg7 10. Nxd7 Qxd7 11. O-O Rc8 12. a3 Ne6 13. b4 b6 14. Ra2 O-O
15. Nd5 Ned4 16. bxc5 bxc5 17. e3 e6 18. Nc3 f5 19. Qh4 Bf6 20. Qh3 Na5 21. Kh1
1/2-1/2

[Event "XXXIV Torneo B di Capodanno"]
[Site "Reggio nell'Emilia ITA"]
[Date "1991.12.30"]
[Round "4"]
[White "Mantovani, Renzo"]
[Black "Cebalo, Miso"]
[Result "0-1"]
[WhiteElo "2370"]
[BlackElo "2525"]
[PlyCount "110"]
[EventDate "1991.12.27"]

1. e4 c5 2. Nf3 e6 3. Nc3 d6 4. d4 cxd4 5. Nxd4 Nc6 6. g3 Nf6 7. Bg2 Bd7 8. O-O
a6 9. Re1 Be7 10. Nxc6 Bxc6 11. a4 O-O 12. a5 Nd7 13. Be3 b5 14. axb6 Nxb6 15.
Nd5 exd5 16. Bxb6 Qxb6 17. exd5 Be8 18. Rxe7 Qxb2 19. Rb1 Qf6 20. Rbb7 a5 21.
c4 a4 22. Ra7 Rxa7 23. Rxa7 Qb2 24. Qe1 Qd4 25. Qe7 Qxc4 26. Ra8 Qb5 27. Qxd6
Qb7 28. Rd8 Qb1+ 29. Bf1 h6 30. h4 Qe1 31. Qc5 Qe5 32. Kh2 g5 33. hxg5 hxg5 34.
Bb5 Kg7 35. Rxe8 Rxe8 36. Bxe8 Qxe8 37. d6 Kg6 38. Qc2+ f5 39. Qd3 Qd7 40. g4
Kf6 41. gxf5 Ke5 42. Qg3+ Kxf5 43. Kg1 Kf6 44. f4 gxf4 45. Qxf4+ Ke6 46. Qd4
Qb5 47. Kf2 Kd7 48. Ke3 Qb3+ 49. Qd3 Qa2 50. Qd4 a3 51. Qa7+ Kxd6 52. Qb6+ Ke7
53. Kd3 Qd5+ 54. Kc2 Qe4+ 55. Kb3 Qb1+ 0-1

[Event "XXXIV Torneo B di Capodanno"]
[Site "Reggio nell'Emilia ITA"]
[Date "1991.12.31"]
[Round "5"]
[White "Borgo, Giulio"]
[Black "Kapengut, Albert Z."]
[Result "1/2-1/2"]
[WhiteElo "2340"]
[BlackElo "2450"]
[PlyCount "30"]
[EventDate "1991.12.27"]

1. e4 c5 2. Nf3 Nc6 3. Bb5 g6 4. O-O Bg7 5. Re1 Nf6 6. c3 a6 7. Ba4 O-O 8. h3
e5 9. d4 exd4 10. e5 Ne8 11. cxd4 Nxd4 12. Nxd4 cxd4 13. Qxd4 d6 14. Nc3 Bf5
15. Bf4 dxe5 1/2-1/2

[Event "XXXIV Torneo B di Capodanno"]
[Site "Reggio nell'Emilia ITA"]
[Date "1991.12.31"]
[Round "5"]
[White "Bukal, Vladimir sr"]
[Black "Mantovani, Renzo"]
[Result "1/2-1/2"]
[WhiteElo "2405"]
[BlackElo "2370"]
[PlyCount "37"]
[EventDate "1991.12.27"]

1. c4 e6 2. g3 d5 3. Nf3 Nf6 4. Bg2 Be7 5. O-O O-O 6. d4 dxc4 7. Qc2 a6 8. Qxc4
b5 9. Qc2 Bb7 10. Bf4 Nc6 11. Rd1 Nb4 12. Qc1 Qc8 13. Nc3 c5 14. dxc5 Bxc5 15.
a3 Nbd5 16. Nxd5 Bxd5 17. b4 Be7 18. Ne5 Bxg2 19. Kxg2 1/2-1/2

[Event "XXXIV Torneo B di Capodanno"]
[Site "Reggio nell'Emilia ITA"]
[Date "1991.12.31"]
[Round "5"]
[White "Cebalo, Miso"]
[Black "Gavrikov, Viktor N."]
[Result "1/2-1/2"]
[WhiteElo "2525"]
[BlackElo "2585"]
[PlyCount "68"]
[EventDate "1991.12.27"]

1. d4 d6 2. Nf3 g6 3. c4 f5 4. g3 Nf6 5. Nc3 Bg7 6. Bg2 O-O 7. O-O c6 8. b3 Qe8
9. Ba3 h6 10. Rc1 Na6 11. b4 Nc7 12. d5 cxd5 13. cxd5 Nb5 14. Nxb5 Qxb5 15. Nd4
Qb6 16. e3 Bd7 17. Qb3 Rfc8 18. Bb2 Rxc1 19. Rxc1 Rc8 20. Rxc8+ Bxc8 21. a4 a6
22. Qc4 Bd7 23. a5 Qd8 24. Nc6 Qf8 25. b5 axb5 26. Qxb5 Bc8 27. Bxf6 Bxf6 28.
Na7 f4 29. gxf4 Bh4 30. Qd3 Bf5 31. Be4 Qg7 32. Bxf5 gxf5+ 33. Kf1 Qa1+ 34. Kg2
Qg7+ 1/2-1/2

[Event "XXXIV Torneo B di Capodanno"]
[Site "Reggio nell'Emilia ITA"]
[Date "1991.12.31"]
[Round "5"]
[White "Godena, Michele"]
[Black "Manca, Federico"]
[Result "1-0"]
[WhiteElo "2415"]
[BlackElo "2410"]
[PlyCount "113"]
[EventDate "1991.12.27"]

1. e4 d6 2. d4 Nf6 3. Nc3 g6 4. Nf3 Bg7 5. Be2 O-O 6. O-O Bg4 7. Be3 Nc6 8. Qd2
e5 9. d5 Ne7 10. Rad1 Bd7 11. Ne1 Ng4 12. Bxg4 Bxg4 13. f3 Bd7 14. f4 exf4 15.
Bxf4 f5 16. Nf3 fxe4 17. Nxe4 c6 18. Bxd6 Bf5 19. Bxe7 Qxe7 20. Rfe1 cxd5 21.
Qxd5+ Qf7 22. Qxf7+ Rxf7 23. c3 Bg4 24. Neg5 Rd7 25. h3 Rad8 26. Rxd7 Bxd7 27.
Ne6 Bxe6 28. Rxe6 Rd1+ 29. Re1 Rxe1+ 30. Nxe1 Kf7 31. Kf2 Ke6 32. Ke3 Kd5 33.
Nf3 b5 34. Kd3 a5 35. Nd4 b4 36. c4+ Ke5 37. b3 h5 38. g3 Bf6 39. Nf3+ Kf5 40.
c5 Ke6 41. Ke4 Bd8 42. Nd4+ Kf6 43. Kd5 Bc7 44. g4 hxg4 45. hxg4 Bg3 46. Ne6
Ke7 47. c6 Bh2 48. Nd4 Kf6 49. Nb5 Ke7 50. Nd4 Kf6 51. Nf3 Bg3 52. Kc5 Ke6 53.
Kb6 Kd5 54. c7 Bxc7+ 55. Kxc7 Ke4 56. Nh4 g5 57. Nf5 1-0

[Event "XXXIV Torneo B di Capodanno"]
[Site "Reggio nell'Emilia ITA"]
[Date "1992.01.01"]
[Round "6"]
[White "Gavrikov, Viktor N."]
[Black "Bukal, Vladimir sr"]
[Result "1-0"]
[WhiteElo "2585"]
[BlackElo "2405"]
[PlyCount "79"]
[EventDate "1991.12.27"]

1. d4 Nf6 2. c4 c5 3. d5 b5 4. cxb5 a6 5. bxa6 Bxa6 6. Nc3 d6 7. e4 Bxf1 8.
Kxf1 g6 9. g3 Bg7 10. Kg2 O-O 11. Nf3 Nbd7 12. Re1 Qb6 13. Re2 Rfb8 14. h3 Ne8
15. Bg5 Qd8 16. Rc1 Nc7 17. b3 Rb4 18. Bd2 Rb7 19. Rc2 Na6 20. Na4 Nb4 21. Bxb4
Rxb4 22. Nd2 Rd4 23. Rc4 Qa5 24. Rxd4 Bxd4 25. Nf3 Bg7 26. Rc2 Qb4 27. Qe2 Ne5
28. Nd2 Qd4 29. Nb6 Rb8 30. Ndc4 Nxc4 31. Nxc4 f5 32. Rd2 Qxe4+ 33. Qxe4 fxe4
34. Re2 e6 35. dxe6 d5 36. Ne3 Re8 37. Nxd5 Rxe6 38. Ne3 Bd4 39. Nc4 Kf7 40.
Rxe4 1-0

[Event "XXXIV Torneo B di Capodanno"]
[Site "Reggio nell'Emilia ITA"]
[Date "1992.01.01"]
[Round "6"]
[White "Kapengut, Albert Z."]
[Black "Arlandi, Ennio"]
[Result "1/2-1/2"]
[WhiteElo "2450"]
[BlackElo "2420"]
[PlyCount "82"]
[EventDate "1991.12.27"]

1. e4 e5 2. Bc4 Nf6 3. d3 Nc6 4. Nf3 Be7 5. Bb3 O-O 6. O-O d6 7. c3 Na5 8. Bc2
c5 9. Re1 Nc6 10. Nbd2 Re8 11. a3 Bf8 12. b4 a6 13. Bb2 Bg4 14. h3 Bh5 15. Qb1
Bg6 16. d4 exd4 17. cxd4 cxd4 18. Nxd4 d5 19. Nxc6 bxc6 20. e5 Nd7 21. Nb3 c5
22. Bxg6 hxg6 23. Qd1 cxb4 24. Qxd5 Nc5 25. Qxd8 Raxd8 26. Nxc5 Bxc5 27. axb4
Bxb4 28. Re2 a5 29. g3 Rd3 30. Kg2 Rb3 31. Bd4 Rd3 32. Bb6 Rd5 33. f4 Re6 34.
Bf2 Rc6 35. Kf3 Kf8 36. Be1 Ke7 37. Bxb4+ axb4 38. Rb1 Rc4 39. Re4 Rc3+ 40. Re3
Rc4 41. Re4 Rc3+ 1/2-1/2

[Event "XXXIV Torneo B di Capodanno"]
[Site "Reggio nell'Emilia ITA"]
[Date "1992.01.01"]
[Round "6"]
[White "Manca, Federico"]
[Black "Landenbergue, Claude"]
[Result "1-0"]
[WhiteElo "2410"]
[BlackElo "2415"]
[PlyCount "93"]
[EventDate "1991.12.27"]

1. e4 e6 2. d4 d5 3. Nc3 Nf6 4. e5 Ne4 5. Nxe4 dxe4 6. Be3 c5 7. Ne2 Qb6 8. Nc3
Nc6 9. Bb5 Bd7 10. d5 Nxe5 11. Qh5 Bxb5 12. Qxe5 f6 13. Qxe4 e5 14. f4 Bd6 15.
O-O-O O-O 16. f5 Bd7 17. g4 Qc7 18. Rhg1 Rae8 19. Kb1 b5 20. Qg2 c4 21. Ne4 b4
22. Qf2 Rc8 23. g5 fxg5 24. Rxg5 b3 25. Rdg1 Rf7 26. Qg3 Bf8 27. Nf6+ Kh8 28.
Nxh7 c3 29. axb3 cxb2 30. c4 Qa5 31. Nxf8 Qa1+ 32. Kc2 Rxc4+ 33. bxc4 b1=Q+ 34.
Rxb1 Ba4+ 35. Kd2 Qa2+ 36. Ke1 Qxb1+ 37. Kf2 Rxf8 38. Qxe5 Rf7 39. c5 Rb7 40.
Rh5+ Kg8 41. Qe6+ Rf7 42. Qc8+ Rf8 43. Qe6+ Rf7 44. d6 Bd7 45. Rh8+ Kxh8 46.
Qxf7 a5 47. Qxd7 1-0

[Event "XXXIV Torneo B di Capodanno"]
[Site "Reggio nell'Emilia ITA"]
[Date "1992.01.02"]
[Round "7"]
[White "Arlandi, Ennio"]
[Black "Manca, Federico"]
[Result "1-0"]
[WhiteElo "2420"]
[BlackElo "2410"]
[PlyCount "63"]
[EventDate "1991.12.27"]

1. d4 Nf6 2. c4 c5 3. d5 b5 4. cxb5 a6 5. e3 Bb7 6. Nc3 axb5 7. Bxb5 e6 8. e4
Qb6 9. a4 g6 10. Nf3 Bg7 11. O-O O-O 12. Bf4 Na6 13. Ne5 Nb4 14. Nc4 Qa7 15.
Bc7 Rac8 16. Bb6 Qa8 17. dxe6 dxe6 18. f3 Nh5 19. Kh1 Bd4 20. Ne2 Bg7 21. Qb3
Qb8 22. Bxc5 Rxc5 23. Qxb4 Rg5 24. Qd6 Qc8 25. Nb6 Qc2 26. Nd7 Ra8 27. h4 Rxb5
28. axb5 Rd8 29. Rfe1 Kh8 30. Qc5 Qxb2 31. Qc7 Rxd7 32. Qxd7 1-0

[Event "XXXIV Torneo B di Capodanno"]
[Site "Reggio nell'Emilia ITA"]
[Date "1992.01.02"]
[Round "7"]
[White "Bukal, Vladimir sr"]
[Black "Borgo, Giulio"]
[Result "0-1"]
[WhiteElo "2405"]
[BlackElo "2340"]
[PlyCount "124"]
[EventDate "1991.12.27"]

1. c4 c5 2. Nf3 Nf6 3. Nc3 b6 4. d4 cxd4 5. Nxd4 Bb7 6. f3 Nc6 7. e4 e6 8. Be3
Qb8 9. Qd2 Bc5 10. Be2 O-O 11. O-O Rd8 12. Rad1 Nxd4 13. Bxd4 d6 14. Kh1 Bxd4
15. Qxd4 Bc6 16. Rd2 a6 17. Rfd1 Rd7 18. Bf1 Ne8 19. a4 Raa7 20. b4 Rdb7 21. e5
dxe5 22. Qd8 Qxd8 23. Rxd8 Kf8 24. c5 b5 25. axb5 axb5 26. Kg1 Ke7 27. R8d3 Nc7
28. Rd6 Ra6 29. h4 Rb8 30. Kf2 f6 31. Bd3 Ne8 32. Rxc6 Rxc6 33. Nxb5 Ra6 34.
Bc4 Ra4 35. Rb1 f5 36. Ke2 Nf6 37. Kd2 Nd5 38. Bxd5 Rxb4 39. Bb3 R8xb5 40. Kc3
Rxb3+ 41. Rxb3 Rxc5+ 42. Kd3 Rd5+ 43. Ke3 f4+ 44. Ke2 Ra5 45. Kf2 Ra1 46. g4
Ra2+ 47. Kg1 h6 48. Rb7+ Kf6 49. Rc7 Rd2 50. Rc8 Rd1+ 51. Kf2 Rd2+ 52. Ke1 Rh2
53. h5 e4 54. Rf8+ Ke5 55. Rf7 exf3 56. Rxg7 Kd4 57. Ra7 e5 58. Ra4+ Ke3 59.
Ra3+ Kd4 60. Ra4+ Kd5 61. Ra5+ Ke6 62. Ra6+ Ke7 0-1

[Event "XXXIV Torneo B di Capodanno"]
[Site "Reggio nell'Emilia ITA"]
[Date "1992.01.02"]
[Round "7"]
[White "Cebalo, Miso"]
[Black "Kapengut, Albert Z."]
[Result "1/2-1/2"]
[WhiteElo "2525"]
[BlackElo "2450"]
[PlyCount "26"]
[EventDate "1991.12.27"]

1. Nf3 c5 2. c4 Nf6 3. Nc3 Nc6 4. d4 cxd4 5. Nxd4 e6 6. a3 Be7 7. e4 O-O 8. Be2
d5 9. cxd5 exd5 10. exd5 Nxd5 11. Nxc6 bxc6 12. Bd2 Bf6 13. Rc1 Re8 1/2-1/2

[Event "XXXIV Torneo B di Capodanno"]
[Site "Reggio nell'Emilia ITA"]
[Date "1992.01.02"]
[Round "7"]
[White "Godena, Michele"]
[Black "Mantovani, Renzo"]
[Result "1-0"]
[WhiteElo "2415"]
[BlackElo "2370"]
[PlyCount "101"]
[EventDate "1991.12.27"]

1. e4 e5 2. Nf3 Nc6 3. Bb5 d6 4. O-O Bd7 5. c3 g6 6. d4 Bg7 7. dxe5 dxe5 8. Bg5
f6 9. Be3 Nh6 10. Bc4 Qe7 11. b4 b6 12. Bd5 Rd8 13. b5 Na5 14. c4 c6 15. bxc6
Nxc6 16. Bc1 Bf8 17. Nc3 Nb4 18. a3 Nxd5 19. Nxd5 Qe6 20. a4 Kf7 21. Qb3 Qc6
22. Nxf6 Kxf6 23. Bg5+ Kg7 24. Bxd8 Nf7 25. Bh4 Bc5 26. Rfd1 Be6 27. Qb2 Qxe4
28. Bg3 Rc8 29. Nxe5 Nxe5 30. Bxe5+ Kg8 31. Bd6 Qxc4 32. Bxc5 Qxc5 33. Rac1 Qf8
34. Qe5 Bb3 35. Rxc8 Qxc8 36. Re1 Bxa4 37. Qd5+ Kf8 38. Qd4 Qd7 39. Qh8+ Kf7
40. Qxh7+ Kf6 41. Qh4+ Kf7 42. Qh7+ Kf6 43. Qh8+ Kf7 44. h4 Bc6 45. Qh7+ Kf6
46. Qh8+ Kf7 47. h5 gxh5 48. Qxh5+ Kg7 49. Qg5+ Kf7 50. Qf4+ Kg6 51. Re3 1-0

[Event "XXXIV Torneo B di Capodanno"]
[Site "Reggio nell'Emilia ITA"]
[Date "1992.01.03"]
[Round "8"]
[White "Cebalo, Miso"]
[Black "Bukal, Vladimir sr"]
[Result "1-0"]
[WhiteElo "2525"]
[BlackElo "2405"]
[PlyCount "83"]
[EventDate "1991.12.27"]

1. d4 Nf6 2. Nf3 c5 3. d5 b5 4. Bg5 d6 5. Bxf6 exf6 6. e4 a6 7. a4 b4 8. Bd3 f5
9. exf5 Qf6 10. Nbd2 Bxf5 11. Bxf5 Qxf5 12. Qe2+ Be7 13. Nc4 Qf6 14. O-O O-O
15. Rfe1 Re8 16. Nfd2 Qg6 17. Ne4 Nd7 18. Qd3 Bf8 19. f4 Nf6 20. Nxf6+ Qxf6 21.
g3 g6 22. Kg2 Bg7 23. Re4 Rxe4 24. Qxe4 Rb8 25. Re1 Bf8 26. Qd3 Kg7 27. b3 h5
28. Re4 Kg8 29. h4 Rb7 30. Ne3 Re7 31. Rxe7 Qxe7 32. Kf3 a5 33. Qe4 Qf6 34. Nc4
Qa1 35. Kg2 Bg7 36. Nxd6 Bd4 37. Qe8+ Kg7 38. Qxf7+ Kh6 39. Qf8+ Bg7 40. Nf7+
Kh7 41. Ng5+ Kh6 42. Qg8 1-0

[Event "XXXIV Torneo B di Capodanno"]
[Site "Reggio nell'Emilia ITA"]
[Date "1992.01.03"]
[Round "8"]
[White "Gavrikov, Viktor N."]
[Black "Godena, Michele"]
[Result "1/2-1/2"]
[WhiteElo "2585"]
[BlackElo "2415"]
[PlyCount "39"]
[EventDate "1991.12.27"]

1. d4 d5 2. c4 e6 3. Nf3 c6 4. Nc3 Nf6 5. Bg5 h6 6. Bxf6 Qxf6 7. Qb3 a5 8. e3
Nd7 9. Be2 Qd8 10. O-O Be7 11. e4 dxe4 12. Nxe4 O-O 13. c5 e5 14. Rad1 exd4 15.
Rxd4 Qc7 16. Qc2 Ne5 17. Nd6 Nxf3+ 18. Bxf3 Be6 19. b3 Rad8 20. Rfd1 1/2-1/2